MDQL
is popping MORE tags! Check the
thread
!
Quizzes
Events
Quiz Creation
Community
Videos
Private Events
Remove Ads
Sign In
Join for FREE
Feedback
Dark Mode
Quiz Categories
Sports
Geography
Music
Movies
Television
Just For Fun
Miscellaneous
History
Literature
Language
Science
Gaming
Entertainment
Religion
Holiday
For Kids
Quiz Lab
Recent
Popular Today
Quiz Kudos Today
Editor Picks
Curator Picks
Quizzes by...
Day
Popularity
Type
Ratings
Length
Year
Community
Subscriptions
Recent Discussions
Orange Saloon
Badges
Playlists
Quests
Create
Leaderboards
Showdown
Live 5
Trivia Bingo
Activity
Puzzle Library
Sporcle Events
Private Events
Virtual Trivia
Globe League
Become a Host
Pub Owners
SporcleCon
Opinionation
Our Games
Videos
Blog
Mobile Apps
Partnerships
Remove Ads and Go Orange
Feedback
Music
Pop Music
The Beatles
Song
Album
Lyrics
Bands
Singers
Artist
Clip
Rock
Rap
Classical
Billboard
Country Music
Kpop
Taylor Swift
Music
Pop Music
The Beatles
Song
Album
Lyrics
Bands
Singers
Artist
Clip
Rock
Rap
Classical
Billboard
Country Music
Kpop
Taylor Swift
Random Quiz
Search Sporcle
×
Quiz Lab
Quiz Lab
Music
Album
Type in answers that appear in a list
Type in answers that appear in a list
Classic
Best Score? Go Orange.
Top 50 Guitar Solos Stats
Can you name the Top 50 Guitar Solos?
By
keyman86
10m
50 Questions
535 Plays
535 Plays
535 Plays
Comments
Comments
Give Quiz Kudos
Give Quiz Kudos
-
- Ratings
hide this ad
Replay
Link that replays current quiz
Next Quiz
Link to next quiz in quiz playlist
You Got
0%
They Got
Avg Score
40%
Avg Friend Score
Upgrade to see
Score Distribution
Jump to the score distribution portion of the page
Score
0/50
Timer
10:00
0
Plays Today
Artist
Title
% Correct
Led Zeppelin
Stairway to Heaven
92%
Lynyrd Skynyrd
Free Bird
87.3%
The Eagles
Hotel California
84.5%
Ozzy Osbourne
Crazy Train
77.6%
Van Halen
Eruption
72.7%
Derek and the Dominos
Layla
71.8%
Nirvana
Smells Like Teen Spirit
70.8%
Metallica
One
68.8%
Guns N' Roses
November Rain
66.9%
The Jimi Hendrix Experience
All Along the Watchtower
66.2%
Guns N' Roses
Sweet Child O' Mine
65.4%
Pink Floyd
Comfortably Numb
64.9%
Queen
Bohemian Rhapsody
58.9%
Chuck Berry
Johnny B. Goode
57.9%
Jethro Tull
Aqualung
46.4%
Led Zeppelin
Whole Lotta Love
46.4%
Stevie Ray Vaughan
Texas Flood
43.4%
Jimi Hendrix Experience
Voodoo Child (Slight Return)
43.2%
Dire Straits
Sultans of Swing
43%
Cream
Crossroads
38.5%
Stevie Ray Vaughan
Pride and Joy
38.3%
Pink Floyd
Time
37.6%
The Beatles
While My Guitar Gently Weeps
37.4%
Deep Purple
Highway Star
36.8%
Rage Against the Machine
Bulls on Parade
35.7%
Artist
Title
% Correct
Pearl Jam
Alive
35.7%
Eric Johnson
Cliffs of Dover
35.3%
ZZ Top
Sharp Dressed Man
33.6%
The Doors
Light My Fire
33.6%
Van Halen
Hot For Teacher
32.9%
Led Zeppelin
Heartbreaker
31%
Ozzy Osbourne
Mr. Crowley
29.7%
Radiohead
Paranoid Android
29.7%
Ted Nugent
Stranglehold
29.3%
Metallica
Fade to Black
27.9%
Allman Brothers Band
Jessica
27.9%
Joe Satriani
Surfing with the Alien
27.5%
The Jimi Hendrix Experience
Little Wing
26.4%
Rolling Stones
Sympathy for the Devil
24.1%
Steely Dan
Reelin' in the Years
22.1%
B.B. King
The Thrill is Gone
18.7%
Jimi Hendrix
Machine Gun
18.1%
Steve Vai
For the Love of God
16.4%
Pantera
Cemetery Gates
15.3%
Pantera
Floods
11.8%
Neil Young and Crazy Horse
Cortez the Killer
11.4%
Queen
Brighton Rock
10.8%
Yngwie Malmsteen
Black Star
10.5%
Carlos Santana
Europa
8.4%
Kiss
Shock Me
5.4%
Quiz Playlist
Details
Report
Send in Message
Add To Playlist
Classic:
Type in answers that appear in a list
Quiz Source
Last Updated: Feb 16, 2017
Quiz Scoreboard
CHALLENGE
Sign Up to Join the Scoreboard
Show All
Scores
Hide
Comments
May contain spoilers
Recently Published
Holiday 10x10 Sorting Gallery
by lukepisani3
Holiday
15m
Two Season TV Shows II
by 123Four
Television
10m
Image Sorting: Flags VI
by Barbecue
Geography
2m
More to Explore
Quiz From the Vault
Featured Blog Post
14 Easter Pick-up Lines to Find Eggs With
hide this ad
You Might Also Like...
Tags
Album Quiz
Artist Quiz
guitar
Guitar Solos
solo
Top 50
Today's Top Quizzes in Music
Browse Music
hide this ad
Today's Top Quizzes in Album
Browse Album
Top Contributed Quizzes in Music
1
5X2 Blitz: Bands II
2
Taylor Swift All Songs (2024)
3
5X2 Blitz: The Beatles
4
5X2 Blitz: Billboard
5
Music Artist by Three 2010s hits
6
5X2 Blitz: Billboard II
7
Singers Born in the 1930s
8
5X2 Blitz: Album
9
5X2 Blitz: Rock
10
5X2 Blitz: Singers
Explore More
Trending Topics
Kpop
Marvel
Harry Potter
Crossword
Disney
Anime
NBA
WWE
Country
NFL
Puzzle
The Office
Song
Soccer
Pokémon
hide this ad
More By:
keyman86
Quiz
Plays
Rating
Category
Featured
Created
Top 50 Guitar Solos
535
3.60
Music
Jan 28, 2010
Songs of The Police
262
3.33
Music
Feb 1, 2010
2010 NCAA Bowl Game Participants
191
4.00
Sports
Dec 5, 2010
Famous Mickeys
98
1.67
Miscellaneous
Jul 23, 2010
Closest US State to Country (Area)
16
Geography
Nov 8, 2011
Go to Creator's Profile
Score Distribution
Quiz Creator Spotlight
keyman86
Follow
Send a Message
Quizzes Created
-
Created Quiz Play Count
-
More By This Creator
Popular Quizzes Today
1
Find the US States - No Outlines Minefield
2
Colored Red Africa Blitz
3
Find the 'City' Movie
4
The Countries of the World
5
Find the US States
6
5x2 Blitz: Bands
7
Find the Countries of Europe - No Outlines Minefield
8
US States
More Music Quizzes
3 Tchaikovsky Ballets
Quiz Lab
Trending Quizzes
Colored Red Europe Blitz I
Colored Red Europe Blitz II
Colored Red Africa Blitz II
Colored Red Europe Blitz III
Colored Red Africa Blitz III
Recently Updated
Odd Team Out - Big 4 Players
pecheneg
Quick Pick: 20 Twenties
pecheneg
March Madness Men's Triple Doubles
pecheneg
How Do You Spell That?
pecheneg
Godzilla Movies
pecheneg
Grab Bag: 4-10 Letters
pecheneg
2024 March Madness Bracket
pecheneg
Famous TV Couples
Peacemaker
Champions League XIs: Real Madrid
pecheneg
Largest US Cities 1790-2010
pecheneg
Trending Topics
Marvel
Kpop
Crossword
Harry Potter
NBA
Disney
Anime
WWE
Song
Puzzle
Pokémon
NFL
Soccer
The Office
Country
Your Account Isn't Verified!
In order to create a playlist on Sporcle, you need to verify the email address you used during registration. Go to your
Sporcle Settings
to finish the process.
Report this User
Report this user for behavior that violates our
Community Guidelines
.
Details:
Send Report
Go to the Sporcle.com Mobile Site →
Comments